| 000 | 00697nam a2200241Ia 4500 | ||
|---|---|---|---|
| 003 | OSt | ||
| 005 | 20220918204040.0 | ||
| 006 | a|||||r|||| 00| 0 | ||
| 007 | ta | ||
| 008 | 220917b |||||||| |||| 00| 0 eng d | ||
| 024 | _a110,818 | ||
| 037 | _cTextual | ||
| 040 |
_aARTS _cARTS _beng |
||
| 041 |
_2eng _aeng |
||
| 082 | _aV53.L78-L74, L7 | ||
| 100 |
_aManceron C _9110550 |
||
| 245 | 0 |
_aMen of liberty _b Europe on the eve of the French revolution 1774-1778 tr from the French by Patricia Wolf |
|
| 260 |
_aLOndon _bEyre _c1977 |
||
| 300 |
_axvii, 650p. _ccm. |
||
| 650 | _aHISTORY | ||
| 942 |
_hV53.L78-L74, L7 _cTEXL _2CC |
||
| 999 |
_c234168 _d234168 |
||